| 000 | 01108 a2200217 4500 | ||
|---|---|---|---|
| 005 | 20080828125542.0 | ||
| 008 | 080828t xxu||||| |||| 00| 0 hin d | ||
| 010 | _aHIN-82606 | ||
| 020 |
_c70.00 _a8190260006 |
||
| 035 | _aHN-54952 | ||
| 037 | _bपु.प्र.अ.प्र/प्रका | ||
| 082 | _a302 | ||
| 100 | _aशर्मा, कालूराम | ||
| 245 |
_aभारतीय सामाजिक संस्थाएँ / _cकालूराम शर्मा |
||
| 246 |
_aBhartiya Samajik sansthaen _bby Kaluram Sharma |
||
| 260 |
_aजयपुर _bदीक्षा पब्लिकेशन्स _c2005 |
||
| 270 |
_a19, दादू मार्ग, हरियाण कॉालोनी, टोंक फाटक _bजयपुर _e302015 |
||
| 300 |
_a56पृ _c22 सेमी (सजिल्द) |
||
| 942 |
_adpl _cHN _k302 / शर्माका _2ddc _h302 _mशर्माका |
||
| 999 |
_c10729 _d10729 |
||